Estudio estructural de la literatura clásica española

Uloženo v:
Podrobná bibliografie
Hlavní autor: Bodini, Vittorio M (Autor)
Médium: Kniha
Jazyk:španělština
Vydáno: Barcelona Martínez Roca 1971
Edice:Colección Novocurso, 24
Témata:
Tagy: Přidat tag
Žádné tagy, Buďte první, kdo vytvoří štítek k tomuto záznamu!

MARC

LEADER 00000nam a2200000 a 4500
001 UCX5406
003 CL-VaPUC
008 921111e19710000SP |||||||||||||||||spa|d
082 0 4 |a 860.9  |b BOD  |2 21 
100 0 |a Bodini, Vittorio M  |e author  |9 321690 
245 1 0 |a Estudio estructural de la literatura clásica española 
300 |a 269 p 
942 |c BK 
945 |d 19921111 00:00:00 
260 |a Barcelona  |b Martínez Roca  |c 1971 
600 0 7 |a GONGORA Y ARGOTE, LUIS DE  |2 CL-VaPUC  |9 267951 
600 0 7 |a CALDERON DE LA BARCA, PEDRO  |2 CL-VaPUC  |9 316207 
650 7 |a LITERATURA ESPAÑOLA 1500-1700  |2 CL-VaPUC  |9 321691 
583 |a last modification  |c 19921111 00:00:00  |k Rodrigo Vera 
490 0 |a Colección Novocurso, 24 
999 |c 225660  |d 225658 
952 |0 0  |1 0  |4 0  |6 860_900000000000000_BOD_1971  |7 0  |8 A  |9 223397  |a BIBEDU  |b BIBEDU  |d 2019-11-15  |i 2922185  |o 860.9 BOD 1971  |p 2922185  |r 2019-11-15  |w 2019-11-15  |y BK  |k LIT